Normal view
MARC view
Entry Topical Term
001 - CONTROL NUMBER
- control field: 26330
003 - CONTROL NUMBER IDENTIFIER
- control field: ARRUPE
005 - DATE AND TIME OF LATEST TRANSACTION
- control field: 20160928110105.0
008 - FIXED-LENGTH DATA ELEMENTS
- fixed length control field: 160928|| aca||aabn | a|a d
040 ## - CATALOGING SOURCE
- Original cataloging agency: ARRUPE
- Transcribing agency: ARRUPE
150 ## - HEADING--TOPICAL TERM
- Topical term or geographic name as entry element: Church history
- Chronological subdivision: Primitive and early church, ca. 30-600.
670 ## - SOURCE DATA FOUND
- Source citation: Work cat.: (ARRUPE)0: Wilken, Robert Louis, 1936- 26329, The first thousand years :, 2012